00443 2200157 4500001002100000005001500021035002000036245007600056100001800132250001700150300003500167260003500202082001000237084001600247020002200263INLIS00000000000091920250317103037 a0010-03250000151 aSeri Pengetahuan ICT Menggambar dengan Microsoft Paint /cSanyo Saputra0 aSanyo Saputra acetakan ke-1 aiv, 100 hlm :bilus ;c29,5 cm aJakarta :bGaneca Exact,c2007 a005.5 a005.5 SAN s a978-979-571-405-7